Reliez le réalisateur français à son film - Statistiques

Statistiques générales
  • Ce quiz a été pris 58 fois
  • Le résultat moyen est 8 sur 18
Statistiques - réponses
Hint Réponse % Correct
La Nuit Américaine François Truffaut
82%
Hiroshima, mon amour Alain Resnais
71%
Peau d'âne Jacques Demy
71%
La Règle du jeu Jean Renoir
63%
Napoléon Abel Gance
61%
La Belle Noiseuse Jacques Rivette
53%
L'Atalante Jean Vigo
51%
Les Nuits de la pleine lune Éric Rohmer
49%
Angèle Marcel Pagnol
49%
Les Vampires Louis Feuillade
43%
Histoire(s) du cinéma Jean-Luc Godard
37%
Au hasard Balthazar Robert Bresson
37%
India Song Marguerite Duras
35%
Simone Barbès ou la Vertu Marie-Claude Treilhou
20%
Peaux de vaches Patricia Mazuy
18%
Moi, un noir Jean Rouch
16%
Femmes, femmes Paul Vecchiali
14%
Les Chants de Mandrin Rabah Ameur-Zaïmèche
14%
Aucun quiz correspondant
Distribution des résultats
% des personnes avec chaque résultat
Percentile par nombre de réponses
Votre historique - résultats
Vous n’avez pas pris ce quiz